[Event "Alushta Rapid op"]
[Site "Alushta"]
[Date "2023.07.13"]
[Round "10"]
[White "Onischenko, Andrey"]
[Black "Milko, Kyrylo"]
[Result "0-1"]
[WhiteElo "1912"]
[BlackElo "1547"]
[PlyCount "95"]
[EventDate "2023.07.11"]
[EventType "swiss (rapid)"]
[EventRounds "11"]
[EventCountry "UKR"]
[SourceTitle "CBM 215 Extra"]
[Source "ChessBase"]
[SourceDate "2023.09.30"]
[SourceVersion "1"]
[SourceVersionDate "2023.09.30"]
[SourceQuality "1"]

1. e4 c5 2. Nf3 Nc6 3. d4 cxd4 4. Nxd4 Nf6 5. Nc3 d6 6. Be3 g6 7. f3 Bg7 8. Qd2 0-0 9. 0-0-0 d5 10. Nxc6 bxc6 11. e5 Nd7 12. f4 e6 13. Na4 f6 14. Nc5 Nxc5 15. Bxc5 Rf7 16. exf6 Qxf6 17. Bd4 Qxf4 18. Be3 Qf6 19. c3 e5 20. Bd3 Bf5 21. Rhf1 Qe6 22. Kb1 a5 23. a4 Rb8 24. h3 Rfb7 25. Rf2 e4 26. Ba6 Rb3 27. g4 Bxc3 28. gxf5 Bxd2 29. fxe6 Bxe3 30. Rc2 Bg5 31. Rf1 e3 32. Ka2 d4 33. Bc4 R3b4 34. Bd3 c5 35. Rxc5 Rxb2+ 36. Ka1 R2b4 37. Rxa5 Rb3 38. Rb5 R8xb5 39. Bxb5 d3 40. e7 Ra3+ 41. Kb2 Bxe7 42. Bc4+ Kh8 43. Rf7 d2 44. Be2 Bd6 45. Rd7 Rd3 46. Kc2 d1Q+ 47. Bxd1 Rd2+ 48. Kc1 0-1

[Event "Alushta Rapid op"]
[Site "Alushta"]
[Date "2023.07.11"]
[Round "3"]
[White "Khruschiov, Alexey"]
[Black "Onischenko, Andrey"]
[Result "1-0"]
[WhiteElo "2344"]
[BlackElo "1912"]
[PlyCount "54"]
[EventDate "2023.07.11"]
[EventType "swiss (rapid)"]
[EventRounds "11"]
[EventCountry "UKR"]
[SourceTitle "CBM 215 Extra"]
[Source "ChessBase"]
[SourceDate "2023.09.30"]
[SourceVersion "1"]
[SourceVersionDate "2023.09.30"]
[SourceQuality "1"]

1. e4 e5 2. Nf3 Nc6 3. c3 d5 4. d3 dxe4 5. dxe4 Qxd1+ 6. Kxd1 Bg4 7. h3 0-0-0+ 8. Kc2 Bxf3 9. gxf3 Bd6 10. Nd2 Nge7 11. Nc4 f6 12. b4 Rhf8 13. h4 Ng6 14. Be3 Nf4 15. a4 Kb8 16. b5 Ne7 17. a5 h5 18. b6 Nc8 19. bxa7+ Nxa7 20. Rb1 Be7 21. Rg1 Rg8 22. a6 b6 23. Nxb6 cxb6 24. Rxb6+ Ka8 25. Bc4 Nc8 26. Rb7 Rd6 27. Rgb1 Rh8 1-0

[Event "Alushta op"]
[Site "Alushta"]
[Date "2023.07.10"]
[Round "9"]
[White "Onischenko, Andrey"]
[Black "Spassky, Mikhail"]
[Result "1-0"]
[WhiteElo "1912"]
[BlackElo "1351"]
[PlyCount "43"]
[EventDate "2023.07.02"]
[EventType "swiss"]
[EventRounds "9"]
[EventCountry "UKR"]
[SourceTitle "CBM 215 Extra"]
[Source "ChessBase"]
[SourceDate "2023.09.30"]
[SourceVersion "1"]
[SourceVersionDate "2023.09.30"]
[SourceQuality "1"]

1. e4 c6 2. d3 d5 3. Qe2 dxe4 4. dxe4 e5 5. Nf3 f6 6. Nc3 Be6 7. Bd2 Nd7 8. g3 g5 9. a3 h5 10. 0-0-0 Qe7 11. h4 g4 12. Ne1 Bh6 13. Bxh6 Nxh6 14. Ng2 0-0-0 15. Ne3 b5 16. Ned5 cxd5 17. exd5 Bf7 18. d6 Qe8 19. Qxb5 Nb8 20. Qc5+ Qc6 21. Ba6+ Kd7 22. Bb5 1-0

[Event "Alushta op"]
[Site "Alushta"]
[Date "2023.07.08"]
[Round "7"]
[White "Onischenko, Andrey"]
[Black "Skorobogatykh, Andrey"]
[Result "1-0"]
[WhiteElo "1912"]
[BlackElo "1970"]
[PlyCount "34"]
[EventDate "2023.07.02"]
[EventType "swiss"]
[EventRounds "9"]
[EventCountry "UKR"]
[SourceTitle "CBM 215 Extra"]
[Source "ChessBase"]
[SourceDate "2023.09.30"]
[SourceVersion "1"]
[SourceVersionDate "2023.09.30"]
[SourceQuality "1"]

1. e4 c5 2. Nf3 a6 3. d4 cxd4 4. Nxd4 Nf6 5. Nc3 e5 6. Nf3 Bb4 7. Bc4 0-0 8. 0-0 Qc7 9. Qd3 d6 10. Nd5 Nxd5 11. Bxd5 Be6 12. Bxe6 fxe6 13. c3 Bc5 14. Ng5 Rf6 15. Qh3 h6 16. Nxe6 Bxf2+ 17. Rxf2 Qd8 1-0

[Event "RUS-ch Silent"]
[Site "Zelenograd"]
[Date "2020.10.10"]
[Round "9"]
[White "Onischenko, Andrey"]
[Black "Smirnov, Andrey"]
[Result "0-1"]
[WhiteElo "2036"]
[BlackElo "2049"]
[PlyCount "68"]
[EventDate "2020.10.03"]
[EventType "swiss"]
[EventRounds "11"]
[EventCountry "RUS"]
[SourceTitle "EXT 2022"]
[Source "ChessBase"]
[SourceDate "2021.10.06"]
[SourceVersion "1"]
[SourceVersionDate "2021.10.06"]
[SourceQuality "1"]

1. e4 c6 2. d4 d5 3. exd5 cxd5 4. c4 Nf6 5. Nc3 e6 6. Nf3 Be7 7. Bg5 0-0 8. Bd3 dxc4 9. Bxc4 Nc6 10. 0-0 b6 11. Qd2 Bb7 12. Rad1 Nb4 13. Ne5 Ne4 14. Nxe4 Bxe4 15. Bf4 Bd5 16. b3 Rc8 17. Qe2 Bb7 18. Rfe1 a6 19. a4 b5 20. axb5 axb5 21. Nxf7 Rxf7 22. Bxe6 Bd5 23. Bxf7+ Kxf7 24. Qxb5 Kg8 25. Re3 Bc6 26. Qf5 Nd5 27. Rh3 Nf6 28. Rg3 Qd7 29. Qe5 Bd5 30. Bh6 g6 31. Bg5 Bd6 32. Qe2 Bxg3 33. hxg3 Ne4 34. Qe3 Qg4 0-1

[Event "WchT ICSC Silent 19th"]
[Site "Chiavenna"]
[Date "2019.12.16"]
[Round "4.1"]
[White "Onischenko, Andrey"]
[Black "Maksimenko, Viktor"]
[Result "0-1"]
[WhiteElo "2070"]
[BlackElo "2282"]
[PlyCount "82"]
[EventDate "2019.12.14"]
[EventType "team-tourn"]
[EventRounds "9"]
[EventCountry "ITA"]
[SourceTitle "CBM 193 Extra"]
[Source "ChessBase"]
[SourceDate "2020.01.31"]
[SourceVersion "1"]
[SourceVersionDate "2020.01.31"]
[SourceQuality "1"]
[WhiteTeam "Russia"]
[BlackTeam "Kazakhstan"]
[WhiteTeamCountry "RUS"]
[BlackTeamCountry "KAZ"]

1. e4 Nc6 2. d4 d5 3. e5 Bf5 4. Nf3 h6 5. Be2 e6 6. a3 Nge7 7. 0-0 Bh7 8. Be3 Nf5 9. Nbd2 Be7 10. b4 0-0 11. Nb3 b6 12. Ba6 Qd7 13. Qe2 Nxe3 14. fxe3 Nd8 15. Bd3 Bxd3 16. Qxd3 Nb7 17. Nbd2 a5 18. c3 c5 19. bxc5 bxc5 20. a4 c4 21. Qc2 Nd8 22. Rab1 Nc6 23. e4 Rab8 24. exd5 exd5 25. Rfe1 Rxb1 26. Rxb1 Rb8 27. Nf1 Rxb1 28. Qxb1 Nd8 29. Ne3 Qxa4 30. Nxd5 Bf8 31. Nd2 Ne6 32. Ne3 Qa3 33. Qc2 Nxd4 34. Qd1 Qxc3 35. Nexc4 Ne6 36. g3 Qd4+ 37. Kg2 Bb4 38. Qe2 Bxd2 39. Nxd2 a4 40. Nf3 Qd5 41. Kh3 Qxf3 0-1

[Event "WchT ICSC Silent 19th"]
[Site "Chiavenna"]
[Date "2019.12.15"]
[Round "2.2"]
[White "Kudrashou, Siarhei"]
[Black "Onischenko, Andrey"]
[Result "0-1"]
[WhiteElo "1959"]
[BlackElo "2070"]
[PlyCount "50"]
[EventDate "2019.12.14"]
[EventType "team-tourn"]
[EventRounds "9"]
[EventCountry "ITA"]
[SourceTitle "CBM 193 Extra"]
[Source "ChessBase"]
[SourceDate "2020.01.31"]
[SourceVersion "1"]
[SourceVersionDate "2020.01.31"]
[SourceQuality "1"]
[WhiteTeam "Belarus"]
[BlackTeam "Russia"]
[WhiteTeamCountry "BLR"]
[BlackTeamCountry "RUS"]

1. d4 d5 2. Nf3 Nf6 3. Bf4 e6 4. e3 c5 5. c3 Nc6 6. Bd3 Bd6 7. 0-0 0-0 8. Ne5 Qc7 9. Nxc6 Bxf4 10. exf4 bxc6 11. g3 cxd4 12. cxd4 Qb6 13. b3 g6 14. Bc2 Bb7 15. Nc3 Nd7 16. Na4 Qd8 17. h4 Qe7 18. Rc1 Rfc8 19. h5 c5 20. hxg6 hxg6 21. Qg4 cxd4 22. f5 Ne5 23. Qh3 d3 24. f4 Rxc2 25. fxe5 exf5 0-1

[Event "RUS-ch Silent"]
[Site "Zelenograd"]
[Date "2019.04.08"]
[Round "6"]
[White "Varezhkin, Viktor"]
[Black "Onischenko, Andrey"]
[Result "0-1"]
[WhiteElo "2215"]
[BlackElo "2085"]
[PlyCount "138"]
[EventDate "2019.04.03"]
[EventType "swiss"]
[EventRounds "11"]
[EventCountry "RUS"]
[SourceTitle "CBM 190 Extra"]
[Source "ChessBase"]
[SourceDate "2019.07.15"]
[SourceVersion "1"]
[SourceVersionDate "2019.07.15"]
[SourceQuality "1"]

1. d4 Nf6 2. Nf3 d5 3. c4 c6 4. Nc3 e6 5. cxd5 exd5 6. Bg5 Be7 7. Qc2 0-0 8. e3 Bg4 9. Ne5 Bh5 10. Bd3 Bg6 11. Bxg6 hxg6 12. h4 Nbd7 13. Bxf6 Bxf6 14. Nxd7 Qxd7 15. h5 Qf5 16. 0-0-0 Qxc2+ 17. Kxc2 gxh5 18. Rxh5 g6 19. Rhh1 Kg7 20. b4 Rfd8 21. b5 cxb5 22. Nxb5 Be7 23. Kb3 a6 24. Nc3 b5 25. Rc1 Rac8 26. Rc2 Rc4 27. a3 f5 28. Rhc1 f4 29. e4 dxe4 30. Nxe4 Rcxd4 31. f3 Rd3+ 32. Rc3 Kf7 33. Ra1 R8d4 34. Ra2 g5 35. Kc2 Rxc3+ 36. Kxc3 Rc4+ 37. Kb3 Rd4 38. Nf2 Kf6 39. Kc3 Ra4 40. Kb3 Kf5 41. Nd3 g4 42. Nf2 g3 43. Nd3 Bf8 44. Ra1 Rd4 45. Kc2 Rc4+ 46. Kb3 Rd4 47. Kc2 Bg7 48. Ra2 Rc4+ 49. Kd2 Bc3+ 50. Kd1 Bd4 51. Nb4 a5 52. Nd3 Rc8 53. Rc2 Rh8 54. Re2 Rh1+ 55. Kc2 Be3 56. Kb3 Rd1 57. Kc2 Rg1 58. Kc3 Ra1 59. Kb3 Rd1 60. Kc2 Rh1 61. Kb3 Rh8 62. Kc3 Rc8+ 63. Kb3 Rh8 64. Rc2 Rd8 65. Nb2 Rd5 66. a4 b4 67. Kc4 Rd8 68. Kb5 b3 69. Re2 Rc8 0-1

[Event "RUS-ch Silent"]
[Site "Zelenograd"]
[Date "2019.04.06"]
[Round "4"]
[White "Rukavishnikov, Maxim"]
[Black "Onischenko, Andrey"]
[Result "0-1"]
[WhiteElo "1767"]
[BlackElo "2085"]
[PlyCount "84"]
[EventDate "2019.04.03"]
[EventType "swiss"]
[EventRounds "11"]
[EventCountry "RUS"]
[SourceTitle "CBM 190 Extra"]
[Source "ChessBase"]
[SourceDate "2019.07.15"]
[SourceVersion "1"]
[SourceVersionDate "2019.07.15"]
[SourceQuality "1"]

1. e4 c6 2. d4 d5 3. exd5 cxd5 4. Bd3 Nf6 5. h3 Nc6 6. c3 Qc7 7. Ne2 e6 8. Bf4 Bd6 9. Bxd6 Qxd6 10. Nd2 0-0 11. 0-0 b6 12. Ng3 Bb7 13. Nf3 Ne7 14. Re1 Ng6 15. Ne5 Nd7 16. Nxd7 Qxd7 17. Qg4 f5 18. Qg5 Qf7 19. Ne2 Rae8 20. Nf4 Nh8 21. Bb5 Re7 22. Nd3 Qf6 23. Qd2 Bc8 24. Re2 Nf7 25. Rae1 Nd6 26. Ba4 Ne4 27. Qc1 Ba6 28. Bc2 g5 29. Re3 f4 30. Rf3 Rg7 31. Ne5 h5 32. Bxe4 dxe4 33. Rxe4 Bb7 34. Qe1 Bxe4 35. Qxe4 g4 36. hxg4 hxg4 37. Rd3 Qh6 38. Rd1 g3 39. fxg3 fxg3 40. Nf3 Rxf3 41. Qxf3 Qh2+ 42. Kf1 Rf7 0-1

[Event "RUS-ch Silent"]
[Site "Zelenograd"]
[Date "2019.04.04"]
[Round "2"]
[White "Onischenko, Andrey"]
[Black "Pogoskin, Roman"]
[Result "0-1"]
[WhiteElo "2085"]
[BlackElo "1924"]
[PlyCount "170"]
[EventDate "2019.04.03"]
[EventType "swiss"]
[EventRounds "11"]
[EventCountry "RUS"]
[SourceTitle "CBM 190 Extra"]
[Source "ChessBase"]
[SourceDate "2019.07.15"]
[SourceVersion "1"]
[SourceVersionDate "2019.07.15"]
[SourceQuality "1"]

1. e4 e5 2. Nf3 Nf6 3. Nxe5 d6 4. Nf3 Nxe4 5. d4 d5 6. Bd3 Be7 7. 0-0 Nc6 8. c4 Nb4 9. cxd5 Nxd3 10. Qxd3 Qxd5 11. Re1 Bf5 12. Ne5 0-0-0 13. Qf3 g6 14. g4 Bb4 15. Re3 Qxd4 16. gxf5 Ng5 17. Qg4 Qxg4+ 18. Nxg4 gxf5 19. Ne5 Rd1+ 20. Kg2 Rxc1 21. Nd3 Rc4 22. Nxb4 Rxb4 23. b3 Rg4+ 24. Kf1 Ne6 25. Nd2 Rhg8 26. Nf3 Nd4 27. h3 Rf4 28. Nxd4 Rxd4 29. Rc1 Kd7 30. Re5 f4 31. Ke2 f6 32. Rec5 c6 33. R5c4 Re8+ 34. Kf3 Ree4 35. Rc5 Re5 36. R5c3 h5 37. h4 Rd2 38. R1c2 Rd4 39. Rc1 Ke6 40. Rg1 Red5 41. Rg7 Rd7 42. Rg8 Kf5 43. Rc5+ R4d5 44. Rxd5+ Rxd5 45. Rh8 Kg6 46. Rg8+ Kf5 47. Rh8 Ke6 48. Rh7 Rb5 49. Kxf4 a5 50. Ke3 b6 51. Rh8 Re5+ 52. Kd3 Kd5 53. f4 Rf5 54. Rd8+ Ke6 55. Ke4 Rb5 56. Re8+ Kf7 57. Rd8 Rc5 58. f5 a4 59. Rh8 axb3 60. axb3 Rb5 61. Rh7+ Kg8 62. Rc7 Rb4+ 63. Kd3 Rxb3+ 64. Kc4 Rf3 65. Rxc6 Rxf5 66. Rxb6 Rf4+ 67. Kd5 Kg7 68. Ke6 Kg6 69. Ke7 Re4+ 70. Re6 Re5 71. Kd7 Kf7 72. Ra6 Re4 73. Ra1 Rd4+ 74. Kc6 Rxh4 75. Kd5 Kg6 76. Ra8 Kf5 77. Rg8 Rg4 78. Rh8 h4 79. Rh7 Kf4 80. Ke6 Kg3 81. Kxf6 h3 82. Kf5 Rg8 83. Ra7 h2 84. Ra3+ Kh4 85. Ra7 Rg5+ 0-1

[Event "RUS-ch Silent"]
[Site "Zelenograd"]
[Date "2018.11.03"]
[Round "11"]
[White "Shajakhmetov, Linat"]
[Black "Onischenko, Andrey"]
[Result "1/2-1/2"]
[WhiteElo "2100"]
[BlackElo "2101"]
[PlyCount "119"]
[EventDate "2018.10.25"]
[EventType "swiss"]
[EventRounds "11"]
[EventCountry "RUS"]
[SourceTitle "EXT 2020"]
[Source "ChessBase"]
[SourceDate "2019.10.17"]
[SourceVersion "1"]
[SourceVersionDate "2019.10.17"]
[SourceQuality "1"]

1. d4 Nf6 2. Bf4 d5 3. e3 c5 4. c3 Nc6 5. Nd2 e6 6. Ngf3 Bd6 7. Bxd6 Qxd6 8. Bb5 Bd7 9. Bxc6 Bxc6 10. Ne5 0-0 11. 0-0 Nd7 12. Nxd7 Bxd7 13. Nf3 Rad8 14. h3 Bc6 15. Qc2 f6 16. Rfd1 b6 17. Qe2 Qe7 18. a3 e5 19. Rac1 e4 20. Nh2 c4 21. f3 exf3 22. gxf3 Bd7 23. h4 f5 24. Qf2 Rf6 25. f4 Be8 26. Rd2 Bh5 27. Nf3 Rg6+ 28. Kh1 Bxf3+ 29. Qxf3 Qxh4+ 30. Rh2 Qg3 31. Rh3 Qxf3+ 32. Rxf3 Rdd6 33. Kh2 Rg4 34. Rg3 Rdg6 35. Rxg4 Rxg4 36. b3 cxb3 37. Rb1 g5 38. Rxb3 gxf4 39. exf4 Rxf4 40. Kg3 Re4 41. Kf3 Kf7 42. a4 Re6 43. a5 Kf6 44. Rb5 Rd6 45. Kf4 Ke6 46. Rb1 bxa5 47. Rh1 Kd7 48. Rxh7+ Kc6 49. Rxa7 Kb5 50. Kxf5 a4 51. Ke5 Ra6 52. Rb7+ Kc4 53. Rc7+ Kb3 54. Kxd5 a3 55. Rh7 a2 56. Rh1 Ra5+ 57. Kc6 Kc4 58. Ra1 Ra6+ 59. Kb7 Ra3 60. Kc6 1/2-1/2

[Event "RUS-ch Silent"]
[Site "Zelenograd"]
[Date "2018.11.01"]
[Round "9"]
[White "Onischenko, Andrey"]
[Black "Shalagin, Vladimir"]
[Result "0-1"]
[WhiteElo "2101"]
[BlackElo "2015"]
[PlyCount "88"]
[EventDate "2018.10.25"]
[EventType "swiss"]
[EventRounds "11"]
[EventCountry "RUS"]
[SourceTitle "EXT 2020"]
[Source "ChessBase"]
[SourceDate "2019.10.17"]
[SourceVersion "1"]
[SourceVersionDate "2019.10.17"]
[SourceQuality "1"]

1. e4 e5 2. Nf3 Nc6 3. Bb5 a6 4. Ba4 Nf6 5. 0-0 b5 6. Bb3 Be7 7. Re1 0-0 8. d3 d6 9. c3 Bb7 10. Nbd2 h6 11. Nf1 Re8 12. Ng3 Bf8 13. Nh4 Na5 14. Bc2 Nxe4 15. dxe4 Qxh4 16. Nf5 Qf6 17. Re3 Bc8 18. Rg3 Bxf5 19. exf5 e4 20. Qg4 Nc4 21. Bf4 d5 22. h4 Nd6 23. Rd1 c6 24. Bxd6 Bxd6 25. f4 exf3 26. Rxf3 Re2 27. Rf2 Re3 28. Rf3 Re5 29. Bd3 Rae8 30. Rdf1 Bc5+ 31. Kh2 Re3 32. Kh3 a5 33. Rxe3 Rxe3+ 34. Rf3 Re1 35. Rf1 Re3+ 36. Rf3 Re8 37. Qf4 b4 38. Qc7 bxc3 39. bxc3 a4 40. Qa5 Bd6 41. Qxa4 Qe5 42. g3 Qxc3 43. f6 Qe1 44. Qc2 Qh1+ 0-1

[Event "Dushanbe zt 3.4"]
[Site "Dushanbe"]
[Date "2015.06.05"]
[Round "2"]
[White "Ziyaev, Negmat"]
[Black "Onischenko , Andrey"]
[Result "1-0"]
[WhiteElo "2068"]
[BlackElo "2119"]
[PlyCount "107"]
[EventDate "2015.06.04"]
[EventType "swiss"]
[EventRounds "9"]
[EventCountry "TJK"]
[SourceTitle "CBM 167 Extra"]
[Source "ChessBase"]
[SourceDate "2015.09.14"]
[SourceVersion "1"]
[SourceVersionDate "2015.09.14"]
[SourceQuality "1"]

1. c4 c6 2. Nc3 d5 3. d4 Nf6 4. Nf3 e6 5. cxd5 exd5 6. Bg5 Be7 7. e3 Bf5 8. Bd3 Bxd3 9. Qxd3 Nbd7 10. 0-0 0-0 11. Bf4 Re8 12. h3 Nf8 13. a3 Ng6 14. Bh2 Bd6 15. Qf5 Bxh2+ 16. Kxh2 Qd6+ 17. g3 h6 18. h4 Re6 19. h5 Ne7 20. Qh3 Nh7 21. Ne2 Ng5 22. Qg2 Ne4 23. Nf4 Rf6 24. Ne5 g5 25. hxg6 fxg6 26. Ng4 Rff8 27. b4 g5 28. Nd3 Nd2 29. Rfd1 Nf3+ 30. Kh1 Qg6 31. Qh3 Kg7 32. Nde5 Nxe5 33. dxe5 Ng8 34. f4 h5 35. Nf2 Nh6 36. b5 g4 37. Qg2 Nf5 38. Re1 Rfd8 39. bxc6 bxc6 40. Rab1 Rd7 41. e4 dxe4 42. Nxe4 h4 43. e6 Rd4 44. Rb7+ Kh6 45. Ng5 Nxg3+ 46. Kg1 Rxf4 47. Nf7+ Kh5 48. Qxc6 Nf5 49. Rb5 Rf8 50. Qd5 h3 51. Re5 g3 52. Rxf5+ Rxf5 53. Qf3+ Qg4 54. Rxf5+ 1-0

[Event "Central Asia Cup 3rd"]
[Site "Dushanbe"]
[Date "2013.10.19"]
[Round "8"]
[White "Onischenko, Andrey"]
[Black "Kabilov, Amin"]
[Result "1-0"]
[WhiteElo "2094"]
[BlackElo "2153"]
[PlyCount "107"]
[EventDate "2013.10.12"]
[EventType "swiss"]
[EventRounds "9"]
[EventCountry "TJK"]
[SourceTitle "EXT 2014"]
[Source "ChessBase"]
[SourceDate "2013.11.20"]
[SourceVersion "1"]
[SourceVersionDate "2013.11.20"]
[SourceQuality "1"]

1. e4 d5 2. exd5 Qxd5 3. Nc3 Qd6 4. d4 Nf6 5. Nf3 g6 6. Bc4 Bg7 7. Bg5 0-0 8. Qd2 c6 9. a4 Bf5 10. 0-0 a5 11. Rfe1 Na6 12. Nh4 Ng4 13. Bf4 Qd7 14. Nxf5 gxf5 15. Rad1 e6 16. h3 Nf6 17. Be5 Ne8 18. Bxg7 Nxg7 19. Qh6 Qd8 20. d5 cxd5 21. Bxd5 Qb6 22. Bb3 f6 23. Rxe6 Nxe6 24. Rd7 Rf7 25. Nd5 Qd4 26. Ne7+ Rxe7 27. Rxd4 Nac5 28. Qxf6 Nxb3 29. cxb3 Rae8 30. Rd6 Ng7 31. Qc3 Re1+ 32. Kh2 R8e7 33. Qxa5 R7e5 34. Qa8+ Ne8 35. Rd8 R1e2 36. Qxb7 f4 37. Rd5 Re7 38. Rd7 Rxd7 39. Qxd7 Nf6 40. Qf5 Kg7 41. Qxf4 Rxb2 42. Qg3+ Kf7 43. a5 h5 44. a6 Ra2 45. Qc7+ Kg6 46. a7 Kg5 47. b4 h4 48. Qa5+ Rxa5 49. bxa5 Nd5 50. a8Q Kf4 51. g3+ Kf3 52. Qxd5+ Kxf2 53. gxh4 Ke3 54. a6 1-0

[Event "Central Asia Cup 3rd"]
[Site "Dushanbe"]
[Date "2013.10.17"]
[Round "6"]
[White "Onischenko, Andrey"]
[Black "Gevorgyan, Irina"]
[Result "0-1"]
[WhiteElo "2094"]
[BlackElo "2168"]
[PlyCount "106"]
[EventDate "2013.10.12"]
[EventType "swiss"]
[EventRounds "9"]
[EventCountry "TJK"]
[SourceTitle "EXT 2014"]
[Source "ChessBase"]
[SourceDate "2013.11.20"]
[SourceVersion "1"]
[SourceVersionDate "2013.11.20"]
[SourceQuality "1"]

1. e4 c5 2. Nf3 e6 3. d4 cxd4 4. Nxd4 a6 5. Nc3 Qc7 6. Be2 b5 7. a3 Bb7 8. 0-0 Nf6 9. Bd3 Bd6 10. g3 Be5 11. Be3 h5 12. f4 Ng4 13. Qe2 Bd6 14. Nb3 Nxe3 15. Qxe3 h4 16. Rf2 Nc6 17. Rd1 Na5 18. e5 Be7 19. Ne4 hxg3 20. Qxg3 Bxe4 21. Bxe4 Bh4 22. Qd3 Bxf2+ 23. Kxf2 Nc6 24. Nc5 Nxe5 25. Qd4 Rc8 26. Nxa6 Ng4+ 27. Kg3 Qd8 28. Kxg4 f5+ 29. Bxf5 exf5+ 30. Kf3 Qe7 31. Nb4 Rh3+ 32. Kg2 Qe2+ 33. Kg1 Qxh2+ 34. Kf1 Rf3+ 35. Ke1 Qg3+ 36. Kd2 Qxf4+ 37. Qxf4 Rxf4 38. Ke3 Re4+ 39. Kd3 Kf7 40. Nd5 Rc6 41. Rf1 g6 42. b3 Rh4 43. Rf2 Rd6 44. c4 bxc4+ 45. bxc4 Rh3+ 46. Kd4 Rxa3 47. Rh2 Kg7 48. Rb2 Rg3 49. Rb7 Rg4+ 50. Kc3 f4 51. Nb6 Rg3+ 52. Kc2 f3 53. Nxd7 f2 0-1

[Event "Central Asia Cup 3rd"]
[Site "Dushanbe"]
[Date "2013.10.15"]
[Round "4"]
[White "Onischenko, Andrey"]
[Black "Dauletova, Gulmira"]
[Result "1/2-1/2"]
[WhiteElo "2094"]
[BlackElo "2235"]
[PlyCount "172"]
[EventDate "2013.10.12"]
[EventType "swiss"]
[EventRounds "9"]
[EventCountry "TJK"]
[SourceTitle "EXT 2014"]
[Source "ChessBase"]
[SourceDate "2013.11.20"]
[SourceVersion "1"]
[SourceVersionDate "2013.11.20"]
[SourceQuality "1"]

1. e4 e5 2. Nf3 d6 3. d4 exd4 4. Nxd4 Nf6 5. Nc3 Be7 6. Bc4 0-0 7. 0-0 Re8 8. Re1 Bf8 9. Bg5 c6 10. a4 Nbd7 11. a5 Qc7 12. Qd2 Rb8 13. Qf4 Ne5 14. Bb3 Be7 15. Nf5 Bxf5 16. exf5 Nh5 17. Qh4 Bxg5 18. Qxg5 Nf6 19. Re3 Neg4 20. Rg3 Qxa5 21. Rf1 h6 22. Qh4 d5 23. h3 d4 24. hxg4 dxc3 25. g5 Ne4 26. gxh6 Nxg3 27. hxg7 Kxg7 28. f6+ Kg6 29. Qxg3+ Qg5 30. Bxf7+ Kxf6 31. Qxg5+ Kxg5 32. Bxe8 Rxe8 33. bxc3 Re2 34. Ra1 a6 35. Ra2 Re1+ 36. Kh2 Kf4 37. Rb2 b5 38. Ra2 Re2 39. f3 a5 40. Rxa5 Rxc2 41. Ra3 Rc1 42. Rb3 Rc2 43. Kh3 Rc1 44. g3+ Kg5 45. Ra3 Rc2 46. Rb3 Rc1 47. Kg2 Rc2+ 48. Kh3 Rc1 49. Kg2 Rc2+ 50. Kf1 Kf5 51. Ke1 Rg2 52. g4+ Kf4 53. c4 bxc4 54. Rc3 Ra2 55. Kd1 Rg2 56. Kc1 Rh2 57. Kd1 Rg2 58. Kc1 Rh2 59. Kd1 Rg2 60. Ke1 Ra2 61. Kf1 Rb2 62. Ke1 Rg2 63. Kd1 Rh2 64. Ra3 Ke5 65. Re3+ Kd4 66. Re2 Rh3 67. f4 Kd3 68. Re6 Rg3 69. g5 Rg2 70. Re1 Rg4 71. Rf1 Rg2 72. Rh1 c3 73. Rh3+ Kc4 74. Rh6 Kb3 75. Ke1 c5 76. Rc6 Kc4 77. Kd1 c2+ 78. Kc1 Kd4 79. Kb2 Ke4 80. Rf6 c4 81. f5 Kd3 82. Rd6+ Ke4 83. Rf6 Kd3 84. Rd6+ Ke4 85. Rf6 Kd3 86. Rd6+ Ke4 1/2-1/2